| 000 | 00930nam a22002537a 4500 | ||
|---|---|---|---|
| 999 |
_c19941 _d19941 |
||
| 003 | AR-CdUCM | ||
| 008 | 190226b ||||| |||| 00| 0 spa d | ||
| 040 |
_aMUNICIPALIDAD PROVINCIAL DEL CUSCO _cBIBLIOTECA MUNICIPAL DEL CUSCO |
||
| 041 | _hale | ||
| 082 |
_22ed. _a927 / _bSP761 |
||
| 100 |
_aSpitta, Philipp _95233 |
||
| 245 |
_aJohann Sebastián Bach : _bSu vida, su obra, su época / |
||
| 260 |
_aMéxico : _bBiografías Gandesa, _c1950. |
||
| 300 |
_a421 paginas ; _c22 cm. |
||
| 505 | _aDe Eisenach a Luneburgo -- Nacimiento y años de infancia -- Wéimar y Arnstadt -- Deberes de su cargo -- Los años de Kothen -- Los primeros años de Leipzig... | ||
| 650 |
_aAlemania _91327 |
||
| 650 |
_aAguas bautismales _95234 |
||
| 650 |
_aMadre _95235 |
||
| 650 |
_aInfancia _95236 |
||
| 650 |
_aCompositor _95237 |
||
| 700 |
_aRoces, Wenceslao (Traductor) _93529 |
||
| 942 |
_2ddc _cLIBROS |
||
| 945 |
_ajavier _d2019-05-23 |
||